000
00287nam a2200109Ia 4500
008
190216s9999||||xx |||||||||||||| ||und||
100
_a
Clifird T Morgan&Amp;Richard A King
245
0
_a
Manashashthrathine Oru Mughavura
260
_b
Bhasha Institute
650
_a
Malayalam
942
_c
BK
999
_c
39510
_d
39510